00521nam a2200193Ia 450000500170000000800410001702000210005804000190007904100120009808200160011010000170012624500440014326000390018730000120022650400190023865000330025765100270029085000100031720240301115259.0131103s9999 xx 000 0 und d a140208704c45 p. aLoreto College aEnglish a371.2 bAYE aAyerst,David aUnderstanding Schools, cDavid Ayerst aHarmondsworthbPenguin Booksc1972 a252 p.  aIncludes index aSchools and their activities aSchool Administration  aLCLIB